Innovations in horticultural sciences (Record no. 43199)

MARC details
000 -LEADER
fixed length control field 00449nam a2200169Ia 4500
020 ## - INTERNATIONAL STANDARD BOOK NUMBER
ISBN 9789385516344
082 ## - DEWEY DECIMAL CLASSIFICATION NUMBER
Classification number 634
Item number PET
100 ## - MAIN ENTRY--AUTHOR NAME
Personal name Peter, KV
245 #0 - TITLE STATEMENT
Title Innovations in horticultural sciences
260 ## - PUBLICATION, DISTRIBUTION, ETC. (IMPRINT)
Place of publication New Delhi
Name of publisher New India Publishing Agency
Year of publication 2016
300 ## - PHYSICAL DESCRIPTION
Number of Pages 653p.
650 ## - SUBJECT ADDED ENTRY--TOPICAL TERM
Topical Term Genetically modified crops
650 ## - SUBJECT ADDED ENTRY--TOPICAL TERM
Topical Term GM technology
650 ## - SUBJECT ADDED ENTRY--TOPICAL TERM
Topical Term Soil fertility
942 ## - ADDED ENTRY ELEMENTS (KOHA)
Koha item type Books
Holdings
Withdrawn status Lost status Damaged status Not for loan Home library Current library Date acquired Cost, normal purchase price Full call number Accession Number Koha item type
        RRII Library RRII Library 16/12/2021 3995.00 634 PET 23465 Books